| 000 | 00606nam a22002057a 4500 | ||
|---|---|---|---|
| 005 | 20250718153811.0 | ||
| 008 | 250711b |||||||| |||| 00| 0 eng d | ||
| 037 | _c0-7596-4003-3 (pbk) | ||
| 040 |
_aCRL _cCRL |
||
| 041 |
_2eng _aeng |
||
| 084 |
_aR Q2 _qCRL |
||
| 100 |
_aReid, Charles L. _9815420 |
||
| 245 | _aPhilosopher's book of lists and anecdotes | ||
| 260 | _c2012. | ||
| 300 | _ax, 352p. | ||
| 365 |
_b200.00 _cINR |
||
| 650 | _2Philosophy | ||
| 942 |
_2CC _cTB _hR Q2 _n0 |
||
| 999 |
_c1433589 _d1433589 |
||